[Event "Dulles Cherry Blossom op"]
[Site "Dulles"]
[Date "2021.05.28"]
[Round "2"]
[White "Rama, Tejas"]
[Black "Hiban, Josh D"]
[Result "1-0"]
[WhiteElo "2131"]
[BlackElo "1830"]
[PlyCount "109"]
[EventDate "2021.05.27"]
[EventType "swiss"]
[EventRounds "9"]
[EventCountry "USA"]
[SourceTitle "CBM 203 Extra"]
[Source "ChessBase"]
[SourceDate "2021.09.30"]
[SourceVersion "1"]
[SourceVersionDate "2021.09.30"]
[SourceQuality "1"]

1. d4 Nf6 2. c4 c5 3. d5 e6 4. Nc3 exd5 5. cxd5 d6 6. e4 g6 7. Be2 Bg7 8. g4 Qe7 9. f3 Na6 10. Be3 Nc7 11. Qd2 a6 12. a4 Rb8 13. h4 b5 14. axb5 Nxb5 15. Nxb5 axb5 16. h5 gxh5 17. gxh5 Nd7 18. Ra7 Qe5 19. h6 Bf6 20. Bf4 Qxb2 21. Qxb2 Bxb2 22. Bxd6 Rb6 23. Bxc5 Nxc5 24. Rc7 Bd7 25. Rxc5 Ba3 26. Rc7 b4 27. Bd3 b3 28. Ne2 Ke7 29. e5 b2 30. Kd2 Rhb8 31. Rb1 Kd8 32. d6 Bxd6 33. exd6 Rxd6 34. Rc3 Bf5 35. Kc2 Bxd3+ 36. Rxd3 Rxd3 37. Kxd3 Rb6 38. Kc3 Rxh6 39. Rxb2 Ke7 40. Nd4 Rh1 41. Rb6 Rh5 42. Kd3 Rh1 43. Nf5+ Kd7 44. Rd6+ Ke8 45. Ke4 Ra1 46. Ke5 h5 47. Kf6 Ra8 48. Ng7+ Kf8 49. Nxh5 Kg8 50. f4 Ra5 51. f5 Kh7 52. Rd8 Rb5 53. Kg5 f6+ 54. Nxf6+ Kg7 55. Rd7+ 1-0